| 000 | 00350 a2200145 4500 | ||
|---|---|---|---|
| 999 |
_c3928 _d3928 |
||
| 020 | _a1779030029 | ||
| 050 | _aLB1564MPO1991 | ||
| 100 |
_aMpofu,E _eauthor |
||
| 245 |
_aTesting for teaching / _cE.Mpofu |
||
| 264 |
_aZimbabwe: _bLongman, _c1991 |
||
| 300 | _a59p. : | ||
| 500 | _aincludes index | ||
| 650 | _ateaching | ||
| 942 |
_2lcc _cBK _h1564 _iMPO _kLB |
||